Les voitures les plus vendues de l'histoire - Statistiques

Statistiques générales
  • Ce quiz a été pris 112 fois
    94 depuis la dernière actualisation
  • Le résultat moyen est 5 sur 14
Answers on the Grid
Answers color-coded by a green-red scale on the quiz's grid according to % correct below.
Toyota Corolla
Subaru SVX
Ford F-Series
Volkswagen Golf
Volkswagen Coccinelle
Renault Wind
Citroën C8
Peugeot 607
Toyota Camry
Mazda RX-8
Toyota WiLL Vi
Seat Toledo III
Honda Civic
Toyota Hilux
Ford Escort
Ford Edsel
Honda Clarity EV
Citroën C3 Pluriel
BMW i3
Honda Accord
Chevrolet Impala
Saab 9-4X
Renault Clio
Volkswagen Polo
Volkswagen Passat
Fiat Multipla
Smart Forfour
Citroën SM
Peugeot 4007
Ford Model T
 
Statistiques - réponses
Réponse % Correct
Toyota Corolla
73%
Volkswagen Golf
67%
Volkswagen Coccinelle
52%
Honda Civic
49%
Ford Model T
44%
Renault Clio
40%
Volkswagen Polo
32%
Ford Escort
27%
Ford F-Series
27%
Volkswagen Passat
25%
Toyota Hilux
21%
Chevrolet Impala
19%
Toyota Camry
19%
Honda Accord
14%
Aucun quiz correspondant
Distribution des résultats
% des personnes avec chaque résultat
Percentile par nombre de réponses
Votre historique - résultats
Vous n’avez pas pris ce quiz depuis la dernière actualisation